| 000 -LEADER |
| fixed length control field |
00706nam a2200241Ia 4500 |
| 001 - CONTROL NUMBER |
| control field |
883 |
| 003 - CONTROL NUMBER IDENTIFIER |
| control field |
GE_BSU |
| 008 - FIXED-LENGTH DATA ELEMENTS--GENERAL INFORMATION |
| fixed length control field |
181216s||||||||xx |||||||||||||| ||und|| |
| 020 ## - INTERNATIONAL STANDARD BOOK NUMBER |
| International Standard Book Number |
5277022465 |
| 040 ## - CATALOGING SOURCE |
| Transcribing agency |
GE_BSU |
| 080 ## - UNIVERSAL DECIMAL CLASSIFICATION NUMBER |
| Universal Decimal Classification number |
338.47(075.8) |
| 245 ## - TITLE STATEMENT |
| Title |
Единая транспортная система |
| 245 ## - TITLE STATEMENT |
| Remainder of title |
Уч-к для студ. вузов железнодорожного транспорта |
| 245 ## - TITLE STATEMENT |
| Statement of responsibility, etc. |
Под ред. Галабурды В.Г. |
| 250 ## - EDITION STATEMENT |
| Edition statement |
2-е,доп. |
| 260 ## - PUBLICATION, DISTRIBUTION, ETC. |
| Place of publication, distribution, etc. |
Москва |
| 260 ## - PUBLICATION, DISTRIBUTION, ETC. |
| Name of publisher, distributor, etc. |
Транспорт |
| 260 ## - PUBLICATION, DISTRIBUTION, ETC. |
| Date of publication, distribution, etc. |
2001 |
| 300 ## - PHYSICAL DESCRIPTION |
| Extent |
302стр. |
| 653 ## - INDEX TERM--UNCONTROLLED |
| Uncontrolled term |
Единая транспортная система |
| 942 ## - ADDED ENTRY ELEMENTS (KOHA) |
| Koha item type |
წიგნი |